Informática, educación y psicología del niño /

Guardado en:
Bibliografiske detaljer
Hovedforfatter: Dufoyer, Jean-Pierre (autor)
Format: Bog
Sprog:spansk
Udgivet: Barcelona, España : Herder, 1991
Serier:(Biblioteca de Psicología Herder ; 166)
Fag:
Tags: Tilføj Tag
Ingen Tags, Vær først til at tagge denne postø!

MARC

LEADER 00000nam^a2200000^a^4500
001 000042189
005 20250521000000.0
009 20260310085727.596
020 |a 84-254-1725-2 
037 |a Acervo ITESO - Biblioteca 
041 |a ESP 
082 |a 371. 39445  |b DUF 
100 |a Dufoyer, Jean-Pierre  |e (autor) 
245 1 0 |a Informática, educación y psicología del niño /  |c J. P. Dufoyer; traduc. de Thema. 
264 1 |a Barcelona, España :  |b Herder,  |c 1991 
300 |a 224 p. 
336 |a texto  |b txt  |2 rdacontenido 
337 |a sin mediación  |b n  |2 rdamedio 
338 |a volumen  |b nc  |2 rdasoporte 
440 1 |a (Biblioteca de Psicología Herder ;  |v 166) 
500 |a Traducción de: Informatique, éducation et psychologie de l'enfant 
649 |a XX 
650 |a Educación 
650 |a Apoyos Didácticos 
650 |a Computadoras en la Educación 
650 |a Psicología Educativa 
650 |a Psicología Evolutiva 
650 |a Psicología 
910 |a Fondo General 
920 |a Impresos - Libros 
930 |a Colección General 
905 |a 101 
901 |a 0421890200  |b IT1  |c ACC  |i 911204  |u 20250521 
902 |a https://opac.biblio.iteso.mx/vufind/Record/000042189